000 00494nam a2200205Ia 4500
003 OSt
005 20140319090334.0
008 140130s9999 xx 000 0 und d
020 _a9780439578202
050 _aPZ 7
_b.R6413My 2004
100 _aRohmann, Eric
245 _aMy friend rabbit /
_cEric Rohmann.
260 _bScholastic,
_c2004.
_aNew York :
300 _a31 p. :
_bcol. ill. ;
_c19 cm.
440 _v1
521 _aBR
526 _cBR
942 _cBK
_2lcc
999 _c41535
_d41535